Enciclopedia temática de Chile
Guardat en:
| Format: | Llibre |
|---|---|
| Idioma: | espanyol |
| Publicat: |
Santiago
Revista Ercilla
1990
|
| Matèries: | |
| Etiquetes: |
Afegir etiqueta
Sense etiquetes, Sigues el primer a etiquetar aquest registre!
|
MARC
| LEADER | 00000cam a2200000 a 4500 | ||
|---|---|---|---|
| 001 | UCN3031 | ||
| 003 | CL-VaPUC | ||
| 008 | 010615e19900000CL |||||||||||||||||spa|d | ||
| 082 | 0 | 4 | |a 983.003 |b ENC |2 21 |
| 245 | 1 | 0 | |a Enciclopedia temática de Chile |
| 300 | |a v | ||
| 942 | |c BK | ||
| 945 | |d 20010615 00:00:00 |a crobeson | ||
| 260 | |a Santiago |b Revista Ercilla |c 1990 | ||
| 500 | |a v.21: Música | ||
| 650 | 0 | |a Enciclopedias |9 264135 | |
| 650 | 0 | |a Música chilena |9 306643 | |
| 650 | 7 | |a MUSICA HISTORIA |2 CL-VaPUC |9 306301 | |
| 651 | 7 | |a CHILE |2 CL-VaPUC |9 459430 | |
| 583 | |a last modification |c 20121022 12:55:58 |k Rodrigo Vera | ||
| 999 | |c 296046 |d 296044 | ||
| 952 | |0 0 |1 0 |4 0 |6 983_003000000000000_ENC_1990 |7 0 |8 A |9 349531 |a BIBEDU |b BIBEDU |d 2019-11-20 |h v.21 |i 1187562 |o 983.003 ENC 1990 |p 1187562 |r 2023-01-12 |w 2019-11-20 |y BK |k MUS | ||
| 952 | |0 0 |1 0 |4 0 |6 983_003000000000000_ENC_1990 |7 0 |8 X |9 349532 |a FDOMLP |b FDOMLP |d 2019-11-20 |h v.21 |i 4919084 |o 983.003 ENC 1990 |p 4919084 |r 2019-11-20 |w 2019-11-20 |y BK_X |k BU2 | ||